Conflictividad y crisis (Record no. 185342)

MARC details
000 -LEADER
campo de control de longitud fija 00973nam a2200277 i 4500
001 - NÚMERO DE CONTROL
campo de control 185342
003 - IDENTIFICADOR DE NÚMERO DE CONTROL
campo de control SpMaBN
005 - FECHA Y HORA DE LA ÚLTIMA TRANSACCIÓN
campo de control 20251008152331.0
008 - DATOS DE LONGITUD FIJA--INFORMACIÓN GENERAL
campo de control de longitud fija 160523s2015 sp d |||| |dspa d
020 ## - NÚMERO INTERNACIONAL ESTÁNDAR DEL LIBRO
Número Internacional Estándar del Libro 978-84-16288-46-5
080 ## - NÚMERO DE LA CLASIFICACIÓN DECIMAL UNIVERSAL
Número de la Clasificación Decimal Universal 323.2(460)"20"
080 ## - NÚMERO DE LA CLASIFICACIÓN DECIMAL UNIVERSAL
Número de la Clasificación Decimal Universal 331.109(460)
080 ## - NÚMERO DE LA CLASIFICACIÓN DECIMAL UNIVERSAL
Número de la Clasificación Decimal Universal 338.124(460)"2008/..."
100 1# - ENTRADA PRINCIPAL--NOMBRE DE PERSONA
Nombre de persona Lacalle, Daniel,
Fechas asociadas al nombre 1939-2025
9 (RLIN) 159612
245 10 - MENCIÓN DEL TÍTULO
Título Conflictividad y crisis
Resto del título : España 2008-2013 /
Mención de responsabilidad, etc. José Daniel Lacalle.
260 ## - PUBLICACIÓN, DISTRIBUCIÓN, ETC.
Lugar de publicación, distribución, etc. [Barcelona] :
Nombre del editor, distribuidor, etc. El Viejo Topo,
Fecha de publicación, distribución, etc. [2015]
300 ## - DESCRIPCIÓN FÍSICA
Extensión 193 p. :
Otras características físicas gráf. ;
Dimensiones 22 cm.
504 ## - NOTA DE BIBLIOGRAFÍA, ETC.
Nota de bibliografía, etc. Referencias bibliográficas.
650 07 - PUNTO DE ACCESO ADICIONAL DE MATERIA--TÉRMINO DE MATERIA
Término de materia o nombre geográfico como elemento de entrada Conflictos laborales-
Subdivisión geográfica España.
9 (RLIN) 157827
650 ## - PUNTO DE ACCESO ADICIONAL DE MATERIA--TÉRMINO DE MATERIA
Término de materia o nombre geográfico como elemento de entrada Movimientos sociales-
Subdivisión geográfica España.
9 (RLIN) 151285
650 #7 - PUNTO DE ACCESO ADICIONAL DE MATERIA--TÉRMINO DE MATERIA
Término de materia o nombre geográfico como elemento de entrada Crisis económicas-
Subdivisión cronológica 2008-
Subdivisión geográfica España.
9 (RLIN) 154148
710 2# - ENTRADA AGREGADA--NOMBRE DE ENTIDAD CORPORATIVA
Nombre de entidad corporativa o nombre de jurisdicción como elemento de entrada Fundación de Investigaciones Marxistas.
9 (RLIN) 4272
852 ## - LOCALIZACIÓN
Ubicación ES-MaACL
Número de control de estantería A-13773
itemnumber 192368
Sublocalización o colección R.151013
Ubicación en estantería Depósito 1
Signatura antigua Olim: N-6773
942 ## - ELEMENTOS DE ENTRADA SECUNDARIOS (KOHA)
Fuente del sistema de clasificación o colocación Clasificación decimal universal
Tipo de ítem Koha Libro impreso
Holdings
Estatus retirado Estado de pérdida Fuente del sistema de clasificación o colocación Estado de daño No para préstamo Biblioteca de origen Biblioteca actual Ubicación en estantería Fecha de adquisición Fuente de adquisición Total de préstamos Signatura topográfica completa Código de barras Visto por última vez Precio de reemplazo Tipo de ítem Koha
    Clasificación decimal universal     Biblioteca del Ateneo de Madrid Biblioteca del Ateneo de Madrid Depósito 1 23/05/2016 Donación   A-13773 1195269 23/02/2023 23/02/2023 Libro impreso